Culture Générale - Série 2003 - Statistiques

Statistiques générales
  • Ce quiz a été pris 96 fois
  • Le résultat moyen est 3 sur 10
Statistiques - réponses
Question Réponse % Correct
Complétez l'expression que l'on pourrait traduire par "Peu m'importe ce qu'il va se passer (après ma mort), même si c'est une catastrophe", attribuée tantôt à Louis XV, tantôt à sa favorite Madame de Pompadour "après moi le .... déluge
82%
Dans quel pays se trouve la ville de Srinagar ? Inde
57%
Dans quel pays européen se trouve la ville d'Oulu ? Finlande
53%
Comment appelle-t-on le fruit du hêtre ? voir photo faîne
29%
Agent de maîtrise, contremaître dans les mines de charbon. porion
23%
Comment appelle-t-on le centre de découverte de l'environnement marin, ouvert en 1991 à Boulogne-sur-Mer ? Nausicaá
22%
Autrefois, comment appelait-on le tabac - 5 lettres commençant par " p " ? pétun
17%
Dans quel pays européen coule le fleuve Rioni ? Géorgie
9%
Comment appelle-t-on le filet à pêcher la crevette - 8 lettres commençant par " h" ? haveneau
9%
Noria égyptienne actionnée par des bœufs sakieh
2%
Aucun quiz correspondant
Distribution des résultats
% des personnes avec chaque résultat
Percentile par nombre de réponses
Votre historique - résultats
Vous n’avez pas pris ce quiz